Alicia en el país de las maravillas. (Record no. 106086)
[ view plain ]
| 000 -CABECERA | |
|---|---|
| campo de control de longitud fija | 01104ngm a2200193 a 4500 |
| 005 - FECHA Y HORA DE LA ÚLTIMA TRANSACCIÓN | |
| campo de control | 20240924070343.0 |
| 008 - ELEMENTOS DE LONGITUD FIJA--INFORMACIÓN GENERAL | |
| campo de control de longitud fija | 020502s1990 mx 075 d daspa d |
| 035 ## - NÚMERO DE CONTROL DEL SISTEMA | |
| Número de control de sistema | UPN01000133935 |
| 049 ## - COLECCIÓN | |
| Colección | AV |
| 050 #4 - SIGNATURA TOPOGRÁFICA DE LA BIBLIOTECA DEL CONGRESO | |
| Número de clasificación | PVI P 1290 |
| 245 00 - MENCIÓN DE TÍTULO | |
| Título | Alicia en el país de las maravillas. |
| Medio | [Videocasete]. |
| 260 ## - PUBLICACIÓN, DISTRIBUCIÓN, ETC. | |
| Lugar de publicación, distribución, etc. | México : |
| Nombre del editor, distribuidor, etc. | Disney, |
| Fecha de publicación, distribución, etc. | [199-]. |
| 300 ## - DESCRIPCIÓN FÍSICA | |
| Extensión | 1 videocasete (VHS) (75 min.) : |
| Otras características físicas | son., col. |
| 440 #0 - MENCIÓN DE SERIE/ASIENTO SECUNDARIO--TÍTULO | |
| Título | Walt Disney. |
| Nombre de parte o sección de la obra | Los clásicos |
| 520 ## - NOTA DE RESUMEN, ETC. | |
| Sumario, etc. | Una deslumbrante combinación de fantasía, animación y música crea un caleidoscopio de aventuras en este colorido clásico de Disney, basada en la historia inmortal de Lewis Carrol. En una tarde soleada, Alicia sigue a un conejo blanco que desaparece dentro de una madriguera. Alicia corre tras él y penetra al alegre y absurdo mundo del País de las Maravillas. Canciones inolvidables y escapadas extravagantes acompañan el viaje de Alicia, que culmina en un encuentro con la Reina de los Corazones y su ejército de naipes. |
| 650 #4 - ASIENTO SECUNDARIO DE MATERIA - TERMINO TEMATICO | |
| Término de materia o nombre geográfico como elemento de entrada | ALICIA (PERSONAJE FICTICIO : CARROLL) |
| 9 (RLIN) | 4797 |
| 650 #0 - ASIENTO SECUNDARIO DE MATERIA - TERMINO TEMATICO | |
| Término de materia o nombre geográfico como elemento de entrada | Fantasía |
| 9 (RLIN) | 11180 |
| 905 ## - TIPO DE MATERIAL | |
| Tipo de material | Audiovisuales |
| Estado de retiro | Estado de pérdida | Fuente del sistema de clasificación o colocación | Estado dañado | No para préstamo | Código de colección | Localización permanente | Ubicación/localización actual | Ubicación en estantería | Total de préstamos | Clasificación | Código de barras | Fecha visto por última vez | Número de copia | Tipo de ítem Koha |
|---|---|---|---|---|---|---|---|---|---|---|---|---|---|---|
| Library of Congress Classification | Audiovisuales | Bib. Gregorio Torres Quintero | Bib. Gregorio Torres Quintero | Audiovisual | PVI P 1290 | 218118 | 31/12/2020 | 1 | Videocasete |
